Normale Ansicht MARC-Ansicht ISBD

Eliten in Deutschland und Frankreich im 19. und 20. Jahrhundert : (Titelsatznr. 24279)

[ MARC ]
MARC-Details
000 -Satzkennung
Kontrollfeld mit fester Länge 00738nac a22002651ca4500
001 - Kontrollnummer
Kontrollfeld a987665625
008 - Feld mit fester Länge zur physischen Beschreibung - Allgemeine Angaben
Kontrollfeld mit fester Länge 170707s1996 gw |||| 000u ger d
041 ## - Sprachcode
Sprachcode des Textes/der Tonspur oder des separaten Titels ger
040 ## - Katalogisierungsquelle
Übertragungsstelle RU-10907106
003 - Kontrollnummer Identifier
Kontrollfeld RU-10907106
245 00 - Titel
Titel Eliten in Deutschland und Frankreich im 19. und 20. Jahrhundert :
Zusatz zum Titel Strukturen und Beziehungen
264 ## - Produktion, Veröffentlichung, Distribution, Herstellung und Urheberrechtsvermerk
Herstellungs-, Veröffentlichungs- Vertriebs-, Erzeugungsort München :
Produzent, Herausgeber, Distributor, Hersteller Oldenbourg,
Datum der Herstellung, der Veröffentlichung, des Vertriebs oder des Urheberschutzvermerks 1996
300 ## - Physische Beschreibung
Umfang 2 Bände
650 #0 - Nebeneintragung unter einem Schlagwort - Sachschlagwort
Sachschlagwort oder geografischer Name als Eintragungselement Gesellschaft
650 #0 - Nebeneintragung unter einem Schlagwort - Sachschlagwort
Sachschlagwort oder geografischer Name als Eintragungselement Demographie
650 #0 - Nebeneintragung unter einem Schlagwort - Sachschlagwort
Sachschlagwort oder geografischer Name als Eintragungselement Alltag
650 #0 - Nebeneintragung unter einem Schlagwort - Sachschlagwort
Sachschlagwort oder geografischer Name als Eintragungselement Bildung
650 #0 - Nebeneintragung unter einem Schlagwort - Sachschlagwort
Sachschlagwort oder geografischer Name als Eintragungselement Politische Kultur
651 #0 - Nebeneintragung unter einem Schlagwort - Geografischer Name
Geografischer Name Frankreich
700 1# - Nebeneintragung - Personenname
Personenname Dupeux, Louis
Funktionsbezeichnung HerausgeberIn
700 1# - Nebeneintragung - Personenname
Personenname Hudemann, Rainer
Funktionsbezeichnung HerausgeberIn
710 2# - Nebeneintragung - Körperschaftsname
Körperschafts- oder Gebietskörperschaftsname als Eintragungselement Deutsch-Französischen Historikerkomitees
942 ## - Zusätzliche Felder (Koha)
Koha-Medientyp Monographien
Exemplare
Ausgeschieden Verloren Beschädigt Nicht entleihbar Heimatbibliothek Aufenthaltsbibliothek Aufstellungsort Erwerbungsdatum Inventarnummer Signatur Barcode Letzte Aktivität Preis gültig von Koha-Medientyp
        MWN Osteuropa MWN Osteuropa Lesesaal - 1 07/07/2017 11-00255 D 40 f Dup 1 (Bde.) 24282 23/02/2021 22/03/2021 Monographien